| 000 | 00516nam a2200193Ia 4500 | ||
|---|---|---|---|
| 005 | 20250507125806.0 | ||
| 008 | 008 250505s9999 xx 000 0 kor d | ||
| 020 | _a8803581194517 | ||
| 037 | _aAudio | ||
| 040 |
_aEASL _beng _cEASL |
||
| 041 |
_akor _2eng |
||
| 084 |
_aCD00191-192 _qEASL |
||
| 245 | 0 | _a2012 2NE1 Global Tour New Evolution in Seoul = K-pop | |
| 365 |
_a£ _b35.67 (Total) |
||
| 490 | _vV. 1 | ||
| 650 | _aKorean | ||
| 942 |
_cAUD _hCD00191-192 |
||
| 999 |
_c1313171 _d1313171 |
||